000 00345nam a2200145Ia 4500
008 230917s9999||||xx |||||||||||||| ||und||
040 _e156604
_aMAIN
041 _aEnglish
082 _a346.0134 A56W
100 _aAnjani Kant
245 0 _aWomen and the law
260 _aNew Delhi
_bA P H Publishing
_c1990
300 _a375 p.
942 _cBK
999 _c98592
_d98592